000 02430cam a2200301 4500
001 ABS67824
008 040510n2004 000 0 eng u
035 _a(Sirsi) u126158
245 _aWaters and others v Welsh Development Agency
260 _c2004
490 _aWeekly Law Reports
_v[2004] 1 WLR 1304-1348(45)
490 _aRating and Valuation Reporter
_v[2004] RVR 153-172(21)
520 _a[2004] UKHL 19, 29 April 2004. The appeal concerned the basis for assessing compensation for compulsory acquisition of land. W's land was compulsorily purchased in 1997 by the WDA to create suitable new wetland habitats for the Cardiff Bay barrage project. W put forward three measures of valuation for the land: i) as agricultural land, ii) as a nature reserve and iii) a ransom value on the basis that the land was indispensable to the barrage scheme. The LT (ACQ/93-9/1999, [2001] 1 EGLR 185) decided that as a preliminary issue following "Pointe Gourde Quarrying and Transport Co Ltd v Superintendent of Crown Lands" ([1947] AC 655) the land had to be valued leaving out any effect on value of the adoption or implementation of the proposal to provide land for the development of a nature reserve. "Held": that the LT and CA were right to decide that for the purposes of the "Point Gourde" principle the acquisition of W's land for a nature reserve was an integral part of the scheme. When assessing compensation, WDA's need to acquire the land as a palliative measure necessary of the environmental consequences of the Cardiff Bay projects was to be disregarded. Appeal dismissed. View judgment at www.parliament.the-stationery-office.co.uk
590 _aABS
590 _aABS
650 _aWATERS AND OTHERS V WELSH DEVELOPMENT AGENCY
650 _aCOMPENSATION
650 _aPOINTE GOURDE QUARRYING AND TRANSPORT CO LTD V CROWN LANDS SUPERINTENDENT
650 _aRANSOM VALUE
650 _aNATURE RESERVES
650 _aGAJAPATIRAJU V RDO VIZAGAPATAM
650 _aValuation
_96273
650 _aSTOKES V CAMBRIDGE
690 _aCOMPULSORY PURCHASE AND COMPENSATION-CASE LAW
856 _uhttps://www.parliament.the-stationery-office.co.uk/pa/ld200304/ldjudgmt/jd040429/waters-1.htm
_zView judgment on the UK Parliament website...
856 _uhttps://www.parliament.the-stationery-office.co.uk/pa/ld200304/ldjudgmt/jd040429/waters-1.htm
_zView judgment on the UK Parliament website...
942 _n0
999 _c117330
_d117330